Sociología: del concepto a la práctica
Guardat en:
| Autor principal: | |
|---|---|
| Format: | Llibre |
| Idioma: | espanyol |
| Publicat: |
Ciudad de México
McGraw-Hill
1993
|
| Matèries: | |
| Etiquetes: |
Afegir etiqueta
Sense etiquetes, Sigues el primer a etiquetar aquest registre!
|
MARC
| LEADER | 00000nam a2200000 a 4500 | ||
|---|---|---|---|
| 001 | UCY0286 | ||
| 003 | CL-VaPUC | ||
| 008 | 940721e19930000MX |||||||||||||||||spa|d | ||
| 082 | 0 | 4 | |a 301 |b PHI |2 21 |
| 100 | 0 | |a Phillips, Bernard S |e author |9 327929 | |
| 245 | 1 | 0 | |a Sociología: del concepto a la práctica |
| 300 | |a 585 p | ||
| 942 | |c BK | ||
| 945 | |d 19940721 00:00:00 |a rbrito | ||
| 260 | |a Ciudad de México |b McGraw-Hill |c 1993 | ||
| 650 | 0 | |a Sociología |9 255410 | |
| 583 | |a last modification |c 19940721 00:00:00 |k Rodrigo Vera | ||
| 999 | |c 229320 |d 229318 | ||
| 952 | |0 0 |1 0 |4 0 |6 301_000000000000000_PHI_1993 |7 0 |8 P |9 230266 |a BIBEDU |b BIBEDU |c BIBEDU_PB |d 2019-11-15 |i 2996278 |o 301 PHI 1993 |p 2996278 |r 2024-01-25 |w 2019-11-15 |y BK |k EDU | ||
| 952 | |0 0 |1 0 |4 0 |6 301_000000000000000_PHI_1993 |7 0 |8 P |9 230267 |a BIBEDU |b BIBEDU |c BIBEDU_PB |d 2019-11-15 |i 1516205 |o 301 PHI 1993 |p 1516205 |r 2024-01-25 |w 2019-11-15 |y BK |k EDU | ||